ARRUPE JESUIT UNIVERSITY

CORONAVIRUS -STOP THE SPREAD - CLEAN,DISINFECT,COVER

A brief guide to the archaeological heritage of Zimbabwe / (Record no. 120281)

MARC details
000 -LEADER
fixed length control field 00831nam a22002417a 4500
001 - CONTROL NUMBER
control field 2595737
003 - CONTROL NUMBER IDENTIFIER
control field ARRUPE
005 - DATE AND TIME OF LATEST TRANSACTION
control field 20140326143856.0
008 - FIXED-LENGTH DATA ELEMENTS--GENERAL INFORMATION
fixed length control field 970110s1994 rh ab b f000 0 eng
010 ## - LIBRARY OF CONGRESS CONTROL NUMBER
LC control number 96981331
040 ## - CATALOGING SOURCE
Original cataloging agency DLC
Transcribing agency DLC
042 ## - AUTHENTICATION CODE
Authentication code lcode
050 00 - LIBRARY OF CONGRESS CALL NUMBER
Classification number MLCS 96/01476 (H)
300 ## - PHYSICAL DESCRIPTION
Other physical details col. ill., map ;
Dimensions 21 cm.
100 1# - MAIN ENTRY--PERSONAL NAME
Personal name Ndoro, Webber.
9 (RLIN) 9442
245 12 - TITLE STATEMENT
Title A brief guide to the archaeological heritage of Zimbabwe /
Statement of responsibility, etc by Webber Ndoro ; editor, Tsepiso Nare.
260 ## - PUBLICATION, DISTRIBUTION, ETC. (IMPRINT)
Place of publication, distribution, etc [Harare] :
Name of publisher, distributor, etc Board of Trustees, National Museums and Monuments of Zimbabwe,
Date of publication, distribution, etc 1994.
300 ## - PHYSICAL DESCRIPTION
Extent 21 p. :
504 ## - BIBLIOGRAPHY, ETC. NOTE
Bibliography, etc Includes bibliographical references (p. 21).
700 1# - ADDED ENTRY--PERSONAL NAME
Personal name Nare, Tsepiso.
9 (RLIN) 9443
906 ## - LOCAL DATA ELEMENT F, LDF (RLIN)
a 7
b cbc
c origode
d u
e ncip
f 19
g y-gencatlg
942 ## - ADDED ENTRY ELEMENTS (KOHA)
Source of classification or shelving scheme Library of Congress Classification
Koha item type Monograph ( Printed materials)
Holdings
Withdrawn status Lost status Source of classification or shelving scheme Damaged status Not for loan Collection code Home library Current library Shelving location Date acquired Total Checkouts Full call number Barcode Date last seen Price effective from Koha item type
    Library of Congress Classification     Main Collection ARRUPE LIBRARY ARRUPE LIBRARY Main Collection 26/03/2014   DT2906.N337 46500001867 26/03/2014 26/03/2014 Monograph ( Printed materials)

 

Arrupe Library. PO Box MP320 Mt Pleasant, Harare, Zimbabwe
263 242 745411|librarian@aju.ac.zw